|
|
|
|
| LEADER |
00000naa2a2200000 4500 |
| 001 |
161724 |
| 005 |
20231031160012.0 |
| 035 |
|
|
|a (RuTPU)RU\TPU\book\175371
|
| 090 |
|
|
|a 161724
|
| 100 |
|
|
|a 20090611d2008 k y0rusy50 ca
|
| 101 |
0 |
|
|a rus
|
| 102 |
|
|
|a RU
|
| 200 |
1 |
|
|a Инструменты управления цепочками поставок
|f Е. А. Ерёмина
|
| 320 |
|
|
|a Библиогр.: 3 назв.
|
| 463 |
|
0 |
|0 (RuTPU)RU\TPU\book\164827
|t Инновационные технологии и экономика в машиностроении
|o труды VI Всероссийской научно-практической конференции с международным участием, 15-16 мая 2008 года, Юрга
|f Томский политехнический университет (ТПУ), Юргинский технологический институт (ЮТИ)
|v С. 265-269
|d 2008
|p 479 с.
|
| 610 |
1 |
|
|a управление
|
| 610 |
1 |
|
|a поставки
|
| 610 |
1 |
|
|a стратегическое планирование
|
| 610 |
1 |
|
|a цепочки поставок
|
| 610 |
1 |
|
|a движение товаров
|
| 610 |
1 |
|
|a логистика
|
| 610 |
1 |
|
|a товар
|
| 610 |
1 |
|
|a транспорт
|
| 610 |
1 |
|
|a склады
|
| 610 |
1 |
|
|a перевозки
|
| 610 |
1 |
|
|a труды учёных ТПУ
|
| 700 |
|
1 |
|a Ерёмина
|b Е. А.
|c специалист в области информационных систем
|c старший преподаватель Юргинского технологического института (филиал) Томского политехнического университета
|f 1978-
|g Елена Анатольевна
|2 stltpush
|3 (RuTPU)RU\TPU\pers\25120
|
| 801 |
|
1 |
|a RU
|b 63413507
|c 20090611
|g PSBO
|
| 801 |
|
2 |
|a RU
|b 63413507
|c 20130816
|g RCR
|
| 942 |
|
|
|c BK
|